| 000 | 00479nam a22001457a 4500 | ||
|---|---|---|---|
| 003 | OSt | ||
| 005 | 20240404121424.0 | ||
| 008 | 240404b |||||||| |||| 00| 0 eng d | ||
| 040 | _cCentral Library MRSPTU | ||
| 100 | _aBalwinder Singh Jawandha (ਬਲਵਿੰਦਰ ਸਿੰਘ ਜਵੰਦਾ) | ||
| 245 | _aManorog Karan Ate Ilaz (ਮਨੋਰੋਗ ਕਾਰਨ ਅਤੇ ਇਲਾਜ਼) | ||
| 260 |
_aPunjab _bTarksheel Society Punjab |
||
| 300 | _a140 | ||
| 942 |
_2ddc _cBK _n0 |
||
| 999 |
_c9992 _d9992 |
||